MARC

LEADER 00000nam0a2200000 4500
001 287395
005 20231102000002.0
020 |a RU  |b 85-51191 
035 |a (RuTPU)RU\TPU\book\311794 
090 |a 287395 
100 |a 20150316d1985 k y0rusy5003 ca 
101 0 |a rus 
102 |a RU 
105 |a y z 001zy 
200 1 |a Физикохимия аморфных (стеклообразных) металлических сплавов  |e тезисы докладов II Всесоюзного совещания, г. Москва, 29-31 мая 1985 г.  |f Академия наук СССР (АН СССР), Институт металлургии им. А. А. Байкова (ИМЕТ) ; отв. ред. Ю. К. Ковнеристый 
210 |a Москва  |c Наука  |d 1985 
215 |a 144 с. 
320 |a Авторский указатель: с. 136-143 
606 |a Сплавы  |x Физика  |2 stltpush  |3 (RuTPU)RU\TPU\subj\55940  |9 73892 
610 1 |a аморфные сплавы 
610 1 |a физико-химические свойства 
610 1 |a металлические сплавы 
610 1 |a металлические стекла 
610 1 |a формирование 
610 1 |a получение 
610 1 |a примерение 
610 1 |a экспериментальные данные 
610 1 |a пластическая деформация 
610 1 |a фазовые превращения 
610 1 |a затвердевание 
610 1 |a тезисы докладов 
675 |a 669.018:53(063)  |z rus  |v 3 
702 1 |a Ковнеристый  |b Ю. К.  |g Юлий Константинович  |4 340 
712 0 2 |a Академия наук СССР (АН СССР)  |b Институт металлургии им. А. А. Байкова (ИМЕТ)  |c (Москва)  |2 stltpush  |3 (RuTPU)RU\TPU\col\312 
712 1 2 |a Физикохимия аморфных (стеклообразных) металлических сплавов  |c совещание  |d 2  |e Москва  |f 1985  |4 570 
801 0 |a RU  |b RuMRKP  |c 19950704  |g psbo 
801 1 |a RU  |b 63413507  |c 20150316 
801 2 |a RU  |b 63413507  |c 20180205  |g RCR 
942 |c BK